| 000 | 01723cam a22003015a 4500 | ||
|---|---|---|---|
| 001 | 18149873 | ||
| 005 | 20160727151132.0 | ||
| 008 | 140513s2014 enk fr 001 0 eng d | ||
| 010 | _a 2014940646 | ||
| 020 | _a0199684553 (pbk.) | ||
| 020 | _a9780199684557 (pbk.) | ||
| 040 |
_aDLC _beng _cDLC _dEG-ScBUE |
||
| 082 | 0 | 4 |
_a340.014 _bSTR _222 |
| 100 | 1 |
_aStrong, Stacie. _940392 |
|
| 245 | 1 | 0 |
_aHow to write law essays & exams / _cS. I. Strong. |
| 246 | 3 | _aHow to write law essays and exams | |
| 250 | _a4th ed. | ||
| 260 |
_aOxford ; _aNew York : _bOxford University Press, _cc.2014. |
||
| 300 |
_ax, 280 p. ; _c24 cm. |
||
| 500 | _aIndex : p. [277]-280. | ||
| 505 | _aGuide to the Online Resource Centre -- An introduction to writing law essays and exams -- Building the necessary foundation : reading, understanding and summarising legal materials -- Step one in the CLEO method : the claim -- Step two in the CLEO method : the law -- Step three in the CLEO method : the evaluation -- Step four in the CLEO method : the outcome -- Adapting CLEO to 'discuss' questions -- General tips on legal writing -- Adapting CLEO for professional practice -- Worked questions. | ||
| 520 | _aThis book provides law students with a practical and proven method of analysing and answering essays and exam questions. Designed for students of all levels, including A-level, university, conversion, and vocational courses, the text teaches vital writing and analytical skills to help students in their substantive law studies | ||
| 650 | 7 |
_aLegal composition. _2BUEsh _940396 |
|
| 650 | 7 |
_aLaw _vExaminations, questions, etc. _2BUEsh _940400 |
|
| 651 | _2BUEsh | ||
| 653 |
_bLLAAWW _cJuly2016 |
||
| 942 |
_2ddc _e22 _k340.0711 STR |
||
| 999 |
_c22005 _d21977 |
||